000 00482nam a2200169Ia 4500
008 240729s9999 xx 000 0 und d
022 _a2674-1121
245 0 _aFrontiers in Food Science and Technology
260 _aSwitzerland
260 _bFrontiers Media S.A.
650 _a Chemical technology
650 _a Food processing and manufacture
650 _aTechnology
856 _uhttps://doaj.org/toc/1f5f589c3a2f4d26a778c273eb866709
942 _2ddc
942 _cDOAJEJ
999 _c74864
_d74864
945 _a1
_bMadushi Gamage
_c1
_dMadushi Gamage